Medios prácticos de establecer en España el crédito mobiliario agrícola (Record no. 112127)

MARC details
000 -LEADER
campo de control de longitud fija 00844nam a2200205 i 4500
001 - NÚMERO DE CONTROL
campo de control 112127
003 - IDENTIFICADOR DE NÚMERO DE CONTROL
campo de control ES-MaACL
005 - FECHA Y HORA DE LA ÚLTIMA TRANSACCIÓN
campo de control 20251221155345.0
007 - CAMPO FIJO DE DESCRIPCIÓN FÍSICA--INFORMACIÓN GENERAL
campo de control de longitud fija t|
008 - DATOS DE LONGITUD FIJA--INFORMACIÓN GENERAL
campo de control de longitud fija 061121s1909 sp r ||||1| spa d
100 1# - ENTRADA PRINCIPAL--NOMBRE DE PERSONA
Nombre de persona Navarro Reverter, Juan,
Fechas asociadas al nombre 1844-1924
9 (RLIN) 85166
245 10 - MENCIÓN DEL TÍTULO
Título Medios prácticos de establecer en España el crédito mobiliario agrícola
Resto del título : ponencia del Excmo. Sr. D. Juan Navarro Reverter, Madrid, noviembre de 1909.
260 ## - PUBLICACIÓN, DISTRIBUCIÓN, ETC.
Lugar de publicación, distribución, etc. Madrid :
Nombre del editor, distribuidor, etc. [s.n.],
Fecha de publicación, distribución, etc. 1909 (
Fabricante Imp. de la Sucesora de M. Minuesa de los Ríos)
300 ## - DESCRIPCIÓN FÍSICA
Extensión 53 p. ;
Dimensiones 22 cm.
594 ## - Nota al título y mención de responsabilidad
Nota al título y mención de responsabilidad Precede al título: Congreso Agrícola Nacional de Valencia.
650 #4 - PUNTO DE ACCESO ADICIONAL DE MATERIA--TÉRMINO DE MATERIA
Término de materia o nombre geográfico como elemento de entrada Crédito agrícola-
Subdivisión geográfica España.
9 (RLIN) 135837
711 2# - ENTRADA AGREGADA--NOMBRE DE REUNIÓN
Nombre de congreso/reunión o jurisdicción como elemento de entrada Congreso Agrícola Nacional de Valencia
Fecha del congreso o de la firma del tratado (1909.
Sede del congreso/Lugar de la reunión Valencia)
9 (RLIN) 162445
852 4# - LOCALIZACIÓN
Ubicación ES-MaACL
Número de control de estantería T-1194-F-3
Holdings
Estatus retirado Estado de pérdida Estado de daño No para préstamo Colección Biblioteca de origen Biblioteca actual Ubicación en estantería Fecha de adquisición Fuente de adquisición Total de préstamos Signatura topográfica completa Código de barras Visto por última vez Precio de reemplazo Tipo de ítem Koha
        Colección de folletos Biblioteca del Ateneo de Madrid Biblioteca del Ateneo de Madrid Depósito folletos 17/01/2008     T-1194-F-3 1116960 23/02/2023 23/02/2023 Folleto